00302nam a2200121Ia 4500008004100000020001800041041000800059082001300067100001200080245003400092250000900126260004500135230717s9999 xx 000 0 und d a81-87629-36-X aeng a342bSIN aSinghvi aConstitution Of India Vol-iii a2ed. aNew DelhibModern Law Publicationsc2006